000 00354nam a2200157Ia 4500
005 20251020182610.0
008 200515s9999 xx 000 0 und d
082 _aSC/624.012/I59
110 _aIninvi
245 0 _aSistema constructivo : Quincha prefabricada
260 _aLima
260 _c199?
300 _a66
650 _aQUINCHA
942 _cLIB
999 _c3312
_d3312